Statistics for U.S. States By Population

Click here to take the quiz!

General Stats

  • This quiz has been taken 55,772 times
    (36,086 since last reset)
  • The average score is 29 of 50

Answer Stats

Population State % Correct
39,512,223California
100%
21,477,737Florida
98%
28,995,881Texas
98%
19,453,561New York
97%
12,801,989Pennsylvania
94%
10,617,423Georgia
92%
12,671,821Illinois
90%
11,689,100Ohio
89%
8,535,519Virginia
81%
7,614,893Washington
81%
10,488,084North Carolina
71%
6,732,219Indiana
71%
9,986,857Michigan
69%
7,278,717Arizona
69%
6,829,174Tennessee
68%
8,882,190New Jersey
61%
3,205,958Utah
59%
4,467,673Kentucky
59%
4,217,737Oregon
58%
578,759Wyoming
58%
623,989Vermont
57%
5,758,736Colorado
56%
731,545Alaska
56%
4,648,794Louisiana
56%
5,822,434Wisconsin
55%
4,903,185Alabama
55%
1,415,872Hawaii
53%
2,913,314Kansas
53%
1,059,361Rhode Island
52%
6,892,503Massachusetts
51%
973,764Delaware
51%
3,155,070Iowa
50%
3,956,971Oklahoma
50%
5,148,714South Carolina
49%
3,565,287Connecticut
47%
884,659South Dakota
46%
762,062North Dakota
43%
6,137,428Missouri
42%
3,017,804Arkansas
42%
1,787,065Idaho
42%
6,045,680Maryland
38%
1,792,147West Virginia
36%
1,068,778Montana
34%
3,080,156Nevada
34%
5,639,632Minnesota
34%
1,344,212Maine
33%
1,359,711New Hampshire
31%
1,934,408Nebraska
27%
2,096,829New Mexico
27%
2,976,149Mississippi
24%

Score Distribution

Percentile by Number Answered

Percent of People with Each Score

Your Score History

You have not taken this quiz since the last reset